[Event "ROM-ch U12 Girls"]
[Site "Calimanesti"]
[Date "2018.04.03"]
[Round "9"]
[White "Iorga, Maria Irina"]
[Black "Ciapa, Ioana Antonia"]
[Result "0-1"]
[WhiteElo "1302"]
[BlackElo "1233"]
[PlyCount "100"]
[EventDate "2018.03.27"]
[EventType "swiss"]
[EventRounds "9"]
[EventCountry "ROU"]
[SourceTitle "CBM 183 Extra"]
[Source "ChessBase"]
[SourceDate "2018.04.19"]
[SourceVersion "1"]
[SourceVersionDate "2018.04.19"]
[SourceQuality "1"]

1. d4 f5 2. Nf3 Nf6 3. Bg5 e6 4. e3 b6 5. c4 Be7 6. Nc3 Bb7 7. Be2 0-0 8. 0-0 d6 9. Qc2 Ne4 10. Bxe7 Qxe7 11. Rad1 Nxc3 12. Qxc3 Nd7 13. b4 Rad8 14. Rc1 c5 15. bxc5 dxc5 16. Qa3 a6 17. Rb1 Rb8 18. Rb2 a5 19. Rfb1 Be4 20. Rc1 Qf6 21. Qc3 f4 22. dxc5 fxe3 23. cxb6 exf2+ 24. Kxf2 Qh4+ 25. Kg1 Bxf3 26. Bxf3 Nxb6 27. Rbc2 Rfc8 28. Qe5 Kh8 29. Kf1 Qh6 30. c5 Nd7 31. Qd6 Rd8 32. c6 Nb6 33. Qg3 Rbc8 34. c7 Rf8 35. Kg1 Nd5 36. Be2 Nb4 37. Rc4 Nxa2 38. Ra1 Qd2 39. Qe1 Qe3+ 40. Kh1 Nb4 41. Bf3 Qb6 42. Qg3 Nd3 43. h3 Nb4 44. Rg4 Qxc7 45. Qh4 Rf7 46. Be4 h6 47. Qh5 Rf6 48. Rg6 Rcf8 49. Qxa5 Rf1+ 50. Rxf1 Rxf1# 0-1

[Event "ROM-ch U12 Girls"]
[Site "Baile Felix"]
[Date "2017.02.05"]
[Round "5"]
[White "Ciapa, Ioana Antonia"]
[Black "Tocu, Delia Georgiana"]
[Result "1/2-1/2"]
[WhiteElo "1328"]
[BlackElo "1269"]
[PlyCount "61"]
[EventDate "2017.02.02"]
[EventType "swiss"]
[EventRounds "9"]
[EventCountry "ROU"]
[SourceTitle "CBM 176 Extra"]
[Source "ChessBase"]
[SourceDate "2017.03.02"]
[SourceVersion "1"]
[SourceVersionDate "2017.03.02"]
[SourceQuality "1"]

1. e4 e5 2. Nf3 Nf6 3. Nc3 Bb4 4. Bc4 Nc6 5. d3 h6 6. Bd2 Bxc3 7. Bxc3 d6 8. h3 0-0 9. 0-0 Be6 10. Bb3 Qd7 11. Kh2 Ne7 12. Bxe6 fxe6 13. Kg1 Ng6 14. Bd2 Rf7 15. Nh2 d5 16. exd5 Nxd5 17. Qe2 Qc6 18. c3 Ngf4 19. Bxf4 Nxf4 20. Qe4 Raf8 21. Qxc6 bxc6 22. f3 Nxd3 23. b3 Nf4 24. Rfe1 Rf5 25. Ng4 Ng6 26. Re4 h5 27. Nf2 Rg5 28. h4 Rgf5 29. Nd3 Rd8 30. Ree1 Nf4 31. Re3 1/2-1/2

[Event "ROM-ch U10 Girls"]
[Site "Calimanesti Caciulata"]
[Date "2016.04.25"]
[Round "9"]
[White "Ciapa, Ioana Antonia"]
[Black "Ciocan, Ariana Roxana"]
[Result "0-1"]
[WhiteElo "1248"]
[BlackElo "1555"]
[PlyCount "142"]
[EventDate "2016.04.18"]
[EventType "swiss"]
[EventRounds "9"]
[EventCountry "ROU"]
[SourceTitle "EXT 2017"]
[Source "ChessBase"]
[SourceDate "2016.10.25"]
[SourceVersion "1"]
[SourceVersionDate "2016.10.25"]
[SourceQuality "1"]

1. e4 e5 2. Nf3 Nc6 3. Bc4 g6 4. 0-0 Bg7 5. Nc3 Nf6 6. d3 d6 7. Bg5 h6 8. Bh4 g5 9. Bg3 Bg4 10. Nb1 Nd4 11. Nbd2 d5 12. Bb3 dxe4 13. Bxf7+ Kf8 14. Bc4 exf3 15. Nxf3 Nxf3+ 16. gxf3 Bh5 17. Bxe5 Ne8 18. Qe2 Qe7 19. d4 Bxe5 20. dxe5 Ng7 21. Rfe1 Ne6 22. Qe4 c6 23. Qf5+ Bf7 24. Rad1 Re8 25. Rd6 Kg8 26. Bxe6 Bxe6 27. Qg6+ Kf8 28. Qe4 Rg8 29. Kh1 Rd8 30. Red1 Rxd6 31. exd6 Qd7 32. Qe5 Qf7 33. Rd3 Bd5 34. Qe3 g4 35. Qxh6+ Rg7 36. Qe3 Qxf3+ 37. Qxf3+ gxf3 38. b3 Rd7 39. c4 Be4 40. Re3 Rxd6 41. h3 Re6 42. Kh2 Kf7 43. Kg3 Bb1 44. Rxf3+ Rf6 45. Re3 Bxa2 46. Rd3 Ke7 47. Rd2 Bxb3 48. Rb2 Bxc4 49. Rxb7+ Kd6 50. Rxa7 Bf7 51. Ra6 Kd5 52. Ra5+ c5 53. f4 Rc6 54. Kg4 Ke6 55. Kg5 c4 56. Re5+ Kd6 57. Kf6 c3 58. Re1 Bb3 59. h4 c2 60. Rc1 Kd7+ 61. Kg7 Rd6 62. h5 Rd1 63. Rxc2 Bxc2 64. h6 Rf1 65. f5 Bxf5 66. Kf7 Rh1 67. Kg7 Ke7 68. Kg8 Rxh6 69. Kg7 Rh7+ 70. Kg8 Kf6 71. Kf8 Rh8# 0-1

[Event "ROM-ch U10 Girls"]
[Site "Calimanesti Caciulata"]
[Date "2016.04.24"]
[Round "8"]
[White "Preda, Alessia Elena"]
[Black "Ciapa, Ioana Antonia"]
[Result "1-0"]
[WhiteElo "1195"]
[BlackElo "1248"]
[PlyCount "57"]
[EventDate "2016.04.18"]
[EventType "swiss"]
[EventRounds "9"]
[EventCountry "ROU"]
[SourceTitle "CBM 172 Extra"]
[Source "ChessBase"]
[SourceDate "2016.06.21"]
[SourceVersion "1"]
[SourceVersionDate "2016.06.21"]
[SourceQuality "1"]

1. e4 e5 2. Nf3 Nc6 3. d4 exd4 4. Nxd4 Bc5 5. Be3 Nxd4 6. Bxd4 Bb6 7. Bxg7 Nf6 8. Bxh8 Nxe4 9. Bd4 Qe7 10. Be2 Ba5+ 11. c3 d6 12. 0-0 Bd7 13. Bd3 Ng5 14. Re1 Be6 15. f4 c5 16. Bf2 0-0-0 17. fxg5 Qxg5 18. Be3 Qg7 19. Qf3 Bd7 20. Be4 Bc6 21. Bxc6 bxc6 22. Qxc6+ Kb8 23. Bf4 Bc7 24. Re7 Rc8 25. Bxd6 Qxg2+ 26. Kxg2 Rg8+ 27. Kh1 Rg1+ 28. Kxg1 Bxd6 29. Qb7# 1-0

[Event "ROM-ch U10 Girls"]
[Site "Calimanesti Caciulata"]
[Date "2016.04.21"]
[Round "5"]
[White "Ciapa, Ioana Antonia"]
[Black "Schiopu, Oana Magdalena"]
[Result "1-0"]
[WhiteElo "1248"]
[BlackElo "1420"]
[PlyCount "107"]
[EventDate "2016.04.18"]
[EventType "swiss"]
[EventRounds "9"]
[EventCountry "ROU"]
[SourceTitle "CBM 172 Extra"]
[Source "ChessBase"]
[SourceDate "2016.06.21"]
[SourceVersion "1"]
[SourceVersionDate "2016.06.21"]
[SourceQuality "1"]

1. e4 c5 2. Nf3 d6 3. Bb5+ Nd7 4. Nc3 a6 5. Be2 Ngf6 6. 0-0 e5 7. d3 Be7 8. Bg5 0-0 9. Bxf6 Bxf6 10. Nd5 b5 11. Nxf6+ Qxf6 12. Qd2 Bb7 13. Qg5 Qxg5 14. Nxg5 h6 15. Nh3 d5 16. exd5 Bxd5 17. f4 Rae8 18. c4 Bc6 19. Bf3 Bxf3 20. Rxf3 bxc4 21. dxc4 e4 22. Re3 f5 23. Nf2 Rb8 24. b3 Nf6 25. Rd1 Rfe8 26. Kf1 Rbd8 27. Ke2 Rxd1 28. Nxd1 Ng4 29. Rc3 Kf7 30. Ne3 Nxe3 31. Rxe3 Kf6 32. h3 Rg8 33. g4 g6 34. Kf2 g5 35. gxf5 Kxf5 36. fxg5 hxg5 37. Kg3 Rd8 38. Re2 Rd3+ 39. Kg2 Kf4 40. Rf2+ Ke3 41. Rf5 Rd2+ 42. Kf1 Rxa2 43. Rxg5 Rf2+ 44. Kg1 Rb2 45. h4 Rxb3 46. Rg3+ Kf4 47. Rxb3 Kg4 48. Re3 Kxh4 49. Rxe4+ Kg3 50. Re5 Kf4 51. Rxc5 Ke4 52. Ra5 Kd4 53. Kf2 Kxc4 54. Rxa6 1-0

[Event "ROM-ch U10 Girls"]
[Site "Calimanesti"]
[Date "2015.04.06"]
[Round "9"]
[White "Ciapa, Ioana Antonia"]
[Black "Angheluta, Diana"]
[Result "0-1"]
[WhiteElo "1062"]
[BlackElo "1239"]
[PlyCount "142"]
[EventDate "2015.03.30"]
[EventType "swiss"]
[EventRounds "9"]
[EventCountry "ROU"]
[SourceTitle "CBM 165 Extra"]
[Source "ChessBase"]
[SourceDate "2015.04.21"]
[SourceVersion "1"]
[SourceVersionDate "2015.04.21"]
[SourceQuality "1"]

1. e4 d5 2. exd5 Qxd5 3. Nc3 Qa5 4. d3 c6 5. Bd2 Qc7 6. Nf3 Bf5 7. Be2 e6 8. 0-0 Bd6 9. g3 Nd7 10. Ne4 Ngf6 11. Nxd6+ Qxd6 12. Kg2 0-0 13. Nh4 Bg6 14. Nxg6 hxg6 15. Bc3 Qc7 16. Qd2 a6 17. Bf3 Kh7 18. d4 Rfe8 19. Rfe1 b5 20. Qf4 Qxf4 21. gxf4 Nd5 22. Bd2 N7f6 23. b3 Rac8 24. c4 Ne7 25. Rac1 Rb8 26. Ba5 Rec8 27. a4 bxa4 28. bxa4 Nh5 29. Bxh5 gxh5 30. Rb1 Nf5 31. Rxb8 Rxb8 32. Re4 Nd6 33. Re1 Nxc4 34. Rc1 Nxa5 35. Rc5 Nb3 36. Rxh5+ Kg8 37. Rh3 Nxd4 38. Rc3 Rb4 39. a5 Ra4 40. Rc5 Nb5 41. Rxc6 Rxa5 42. Rc8+ Kh7 43. Kg3 Ra3+ 44. Kg4 Ra2 45. f3 Rxh2 46. Ra8 Ra2 47. f5 Ra4+ 48. f4 a5 49. fxe6 fxe6 50. Kg5 Ra1 51. Kg4 a4 52. Kf3 Nc3 53. Ke3 Ra3 54. Kd2 Rb3 55. Kc2 Kg6 56. Ra6 Kf5 57. Rc6 g6 58. Ra6 Kxf4 59. Rxe6 g5 60. Rg6 g4 61. Rg8 g3 62. Rf8+ Ke3 63. Re8+ Ne4 64. Rg8 Rb7 65. Ra8 g2 66. Rxa4 g1Q 67. Ra3+ Kf4 68. Kd3 Qe3+ 69. Kc4 Rc7+ 70. Kd5 Qc5+ 71. Ke6 Qd6# 0-1

[Event "ROM-ch U10 Girls"]
[Site "Calimanesti"]
[Date "2015.04.01"]
[Round "3"]
[White "Popa, Andra Maria"]
[Black "Ciapa, Ioana Antonia"]
[Result "1-0"]
[WhiteElo "1286"]
[BlackElo "1062"]
[PlyCount "42"]
[EventDate "2015.03.30"]
[EventType "swiss"]
[EventRounds "9"]
[EventCountry "ROU"]
[SourceTitle "CBM 165 Extra"]
[Source "ChessBase"]
[SourceDate "2015.04.21"]
[SourceVersion "1"]
[SourceVersionDate "2015.04.21"]
[SourceQuality "1"]

1. e4 e5 2. Nf3 Nc6 3. Nc3 Bc5 4. Nxe5 Nxe5 5. d4 Nd3+ 6. Qxd3 Ne7 7. dxc5 0-0 8. Be2 Ng6 9. 0-0 d6 10. cxd6 cxd6 11. Be3 Qf6 12. Qd4 Qh4 13. Qd2 Ne5 14. Bg5 Nc4 15. Bxc4 Qh5 16. Be2 Qg6 17. Qf4 h6 18. Bh4 Bh3 19. Qg3 Qxg3 20. Bxg3 Be6 21. Bb5 Rfc8 1-0

[Event "ROM-ch U08 Girls"]
[Site "Calimanesti"]
[Date "2014.04.10"]
[Round "6"]
[White "Ciapa, Ioana Antonia"]
[Black "Chicarosie, Ioana Bianca"]
[Result "0-1"]
[WhiteElo "1058"]
[BlackElo "1129"]
[PlyCount "62"]
[EventDate "2014.04.06"]
[EventType "swiss"]
[EventRounds "9"]
[EventCountry "ROU"]
[SourceTitle "CBM 160 Extra"]
[Source "ChessBase"]
[SourceDate "2014.07.01"]
[SourceVersion "1"]
[SourceVersionDate "2014.07.01"]
[SourceQuality "1"]

1. e4 e6 2. d4 d5 3. exd5 exd5 4. Bd3 Be6 5. Qe2 Bd6 6. Nc3 Ne7 7. Nf3 Nbc6 8. 0-0 Qd7 9. Bd2 0-0-0 10. Rfe1 Rde8 11. a3 Bg4 12. Qd1 Nxd4 13. Be2 Nxe2+ 14. Qxe2 c6 15. b4 f6 16. b5 Bxf3 17. Qxf3 cxb5 18. Nxb5 Qxb5 19. Reb1 Qc4 20. Rb2 Be5 21. c3 Qe4 22. Qd1 g5 23. Qb3 b6 24. Qb5 Qc4 25. Qxc4+ dxc4 26. Rb4 Rd8 27. Rxc4+ Kb7 28. Be3 Rd6 29. Rb4 Rhd8 30. h3 Rd1+ 31. Rxd1 Rxd1# 0-1

[Event "ROM-ch U08 Girls"]
[Site "Calimanesti"]
[Date "2014.04.07"]
[Round "2"]
[White "Popa, Roxana Maria"]
[Black "Ciapa, Ioana Antonia"]
[Result "1-0"]
[WhiteElo "1204"]
[BlackElo "1058"]
[PlyCount "97"]
[EventDate "2014.04.06"]
[EventType "swiss"]
[EventRounds "9"]
[EventCountry "ROU"]
[SourceTitle "CBM 160 Extra"]
[Source "ChessBase"]
[SourceDate "2014.07.01"]
[SourceVersion "1"]
[SourceVersionDate "2014.07.01"]
[SourceQuality "1"]

1. d4 d5 2. e3 Nf6 3. Nf3 Nc6 4. b3 e6 5. Bb2 Bd6 6. Bd3 0-0 7. 0-0 Bd7 8. Nbd2 Qe7 9. Qe2 Rfe8 10. e4 dxe4 11. Nxe4 Rad8 12. Nxf6+ Qxf6 13. Ne5 Ne7 14. Qe4 g6 15. Ng4 Qg5 16. d5 exd5 17. Qd4 Be5 18. Qxe5 Qxe5 19. Bxe5 Bxg4 20. Bxc7 Rd7 21. Bb5 Rxc7 22. Bxe8 Rxc2 23. Rfe1 Nf5 24. Bd7 d4 25. h3 Bh5 26. g4 Bxg4 27. hxg4 Nd6 28. Re7 Rc7 29. Rd1 Nb5 30. Re8+ Kg7 31. Bxb5 a6 32. Be2 Rd7 33. Re4 b5 34. Rdxd4 Rxd4 35. Rxd4 Kf6 36. Rd6+ Ke5 37. Rxa6 b4 38. Rb6 Kd4 39. Rxb4+ Kc3 40. Rb8 Kb2 41. a4 Ka3 42. a5 Kb2 43. a6 Kc3 44. Rd8 Kxb3 45. Rc8 f5 46. a7 fxg4 47. a8Q Kb4 48. Qb7+ Ka4 49. Ra8# 1-0

[Event "ROM-ch U08 Girls"]
[Site "Calimanesti"]
[Date "2014.04.06"]
[Round "1"]
[White "Ciapa, Ioana Antonia"]
[Black "Manea, Ioana Adelina"]
[Result "1-0"]
[WhiteElo "1058"]
[BlackElo "1001"]
[PlyCount "29"]
[EventDate "2014.04.06"]
[EventType "swiss"]
[EventRounds "9"]
[EventCountry "ROU"]
[SourceTitle "CBM 160 Extra"]
[Source "ChessBase"]
[SourceDate "2014.07.01"]
[SourceVersion "1"]
[SourceVersionDate "2014.07.01"]
[SourceQuality "1"]

1. e4 e5 2. Nf3 Nf6 3. Bc4 Bc5 4. Nc3 0-0 5. 0-0 Nc6 6. d3 h6 7. Bd2 d6 8. Qc1 Be6 9. Bxe6 fxe6 10. Bxh6 gxh6 11. Qxh6 Ng4 12. Qg6+ Kh8 13. Qxg4 d5 14. Qxe6 Rg8 15. Qh6# 1-0